000 00778nam a2200229Ii 4500
003 JO-AjNU
008 230605s9999||||xx |||||||||||||| ||und||
017 _a16294
020 _a977-356-178-X
040 _aJO-AjNU
_bara
_erda
_cJO-AjNU
041 _aara
050 1 4 _aHF1379.S277.2008
100 3 _aالسريتي،السيد محمد احمد,
_eauthor
_934222
245 0 0 _aاقتصاديات التجارة الخارجية
250 _aط1
264 3 1 _aالاسكندرية:مؤسسة رؤية للطباعة والنشر والتوزيع؛2008
300 _a320ص
336 _atext
_btxt
_2rdacontent
337 _aunmediated
_bn
_2rdamedia
338 _avolume
_bnc
_2rdacarrier
650 4 _aالتجارة الخارجية-جوانب اقتصادية
_934223
999 _aA14006
_c17574
_d17574